000 00390nam a2200145Ia 4500
041 _aKurdish
082 _a892.75 cut-998 ح
100 _a20260118u\\\\\\\\\\\y0engy0103\\\\ba
100 _aسەیید حەیدەر براکە
245 0 _aزەبوو ر حەقیقەت
250 _aچ1
260 _bچپاپخانە مکریانى
_aتاران
_c2013
300 _a1193
942 _cBk
999 _c190481
_d190481